America in modern times: since 1890 (Record no. 606784)
[ view plain ]
| 000 -LEADER | |
|---|---|
| fixed length control field | 00412nam a22001457a 4500 |
| 020 ## - INTERNATIONAL STANDARD BOOK NUMBER | |
| International Standard Book Number | 0070079331 |
| 082 ## - DEWEY DECIMAL CLASSIFICATION NUMBER | |
| Classification number | 973.9 |
| Author Mark | BRI |
| 100 ## - MAIN ENTRY--PERSONAL NAME | |
| Personal name | Brinkley, Alan |
| 245 ## - TITLE STATEMENT | |
| Title | America in modern times: since 1890 |
| Statement of responsibility, etc. | Alan Brinkley and Ellen F. Fitzpatrick |
| 260 ## - PUBLICATION, DISTRIBUTION, ETC. | |
| Place of publication, distribution, etc. | New York: |
| Name of publisher, distributor, etc. | McGraw-Hill |
| Date of publication, distribution, etc. | 1997. |
| 300 ## - PHYSICAL DESCRIPTION | |
| Extent | 693p. |
| 563 ## - BINDING INFORMATION | |
| Binding note | PB |
| 650 ## - SUBJECT ADDED ENTRY--TOPICAL TERM | |
| Topical term or geographic name entry element | United States |
| -- | Ellen F. Fitzpatrick |
| 942 ## - ADDED ENTRY ELEMENTS (KOHA) | |
| Source of classification or shelving scheme | |
| Koha item type | Book |
| 650 ## - SUBJECT ADDED ENTRY--TOPICAL TERM | |
| -- | 118580 |
| Withdrawn status | Lost status | Source of classification or shelving scheme | Materials specified (bound volume or other part) | Damaged status | Not for loan | Permanent Location | Current Location | Date acquired | Source of acquisition | Total Checkouts | Full call number | Barcode | Date last seen | Date last checked out | Price effective from | Koha item type |
|---|---|---|---|---|---|---|---|---|---|---|---|---|---|---|---|---|
| Donation | Central Library (CL) | Central Library (CL) | 11/04/2023 | Donation | 1 | 973.9 BRI | CL-D-2518 | 04/30/2025 | 04/29/2025 | 11/04/2023 | Book |
